Đồng quê Phóng sự, tiểu thuyết

Bewaard in:
Bibliografische gegevens
Hoofdauteur: Phi Vân
Formaat: Boek
Gepubliceerd in: [ KĐ] Tiền Giang - Hậu Giang
Onderwerpen:
Tags: Voeg label toe
Geen labels, Wees de eerste die dit record labelt!
Thư viện lưu trữ: Trung tâm Học liệu Lê Vũ Hùng, Trường Đại học Đồng Tháp
LEADER 00661pam a22002058a 4500
001 00020728
005 20171026081023.0
008 110519s ||||||Viesd
041 0 # |a Vie 
082 1 4 |a 895.922 3  |b Đ455QU 
100 0 # |a Phi Vân 
245 0 0 |a Đồng quê  |b Phóng sự, tiểu thuyết  |c Phi Vân 
260 # # |a [ KĐ]  |b Tiền Giang - Hậu Giang 
300 # # |a 152 tr.  |c 19 cm. 
650 # 4 |a Văn học Việt Nam 
653 # # |a Tiểu thuyết 
852 # # |b Kho đọc  |j KD.0006093 
852 # # |j KD.0006093 
910 0 # |a Hoa Lê  |d 19/05/2011 
980 # # |a Trung tâm Học liệu Lê Vũ Hùng, Trường Đại học Đồng Tháp